Nuevas perspectivas en la educación e integración de los niños con síndrome de Down
I tiakina i:
| Kaituhi matua: | |
|---|---|
| Hōputu: | Pukapuka |
| Reo: | Pāniora |
| I whakaputaina: |
Barcelona
Paidós Ibérica
1995
|
| Putanga: | 1a. ed |
| Rangatū: | Papeles de Pedagogía, 22
|
| Ngā marau: | |
| Ngā Tūtohu: |
Tāpirihia he Tūtohu
Kāore He Tūtohu, Me noho koe te mea tuatahi ki te tūtohu i tēnei pūkete!
|
MARC
| LEADER | 00000nam a2200000 a 4500 | ||
|---|---|---|---|
| 001 | UCJ2180 | ||
| 003 | CL-VaPUC | ||
| 008 | 061201e19950000SP |||||||||||||||||spa|d | ||
| 020 | |a 8449301009 | ||
| 082 | 0 | 4 | |a 371.928 |b GUE |2 21 |
| 100 | 0 | |a Guerrero López, José Francisco |e author |9 503095 | |
| 245 | 1 | 0 | |a Nuevas perspectivas en la educación e integración de los niños con síndrome de Down |
| 250 | |a 1a. ed | ||
| 300 | |a 307 p | ||
| 942 | |c BK | ||
| 945 | |d 20061201 00:00:00 |a cmena | ||
| 260 | |a Barcelona |b Paidós Ibérica |c 1995 | ||
| 650 | 0 | |a Síndrome de Down |9 309553 | |
| 650 | 0 | |a Educación especial |9 307486 | |
| 650 | 0 | |a Métodos de enseñanza |9 270413 | |
| 650 | 0 | |a Integración escolar |9 312238 | |
| 583 | |a last modification |c 20061201 00:00:00 |k Rodrigo Vera | ||
| 490 | 0 | |a Papeles de Pedagogía, 22 | |
| 999 | |c 318530 |d 318528 | ||
| 952 | |0 0 |1 0 |4 0 |6 371_928000000000000_GUE_1995 |7 0 |8 A |9 396366 |a BIBEDU |b BIBEDU |d 2019-11-22 |i 4303962 |o 371.928 GUE 1995 |p 4303962 |r 2019-11-22 |w 2019-11-22 |y BK |k EDI | ||